000 00901nam a2200253 a 4500
001 72473
003 BD-RjUL
005 20211209082251.0
008 170520s1963 enka b 101 0 eng d
035 _a(BD-RjUL)72691
040 _aMNU-B
_cMNU-B
_dMnU
_dBD-RjUL
_beng
041 _aeng
082 _223
_a571.844
_bCEL 1963
245 0 0 _aCell proliferation :
_ba Guinness symposium held at University of Dublin, Trinity College /
_cEdited by L. F. Lamerton and R. J. M. Fry.
260 _aOxford :
_bBlackwell Scientific Publications,
_cc1963
300 _ax, 241 p. :
_bill. ;
_c23 cm.
500 _aSponsored by A. Guinness Son & Co
504 _aIncludes bibliographies
650 0 _aCell division
_vCongresses
_9214346
700 1 _aFry, R. J. M.
_q(Richard Jeremy Michael)
_9214347
710 2 _aGuinness (Firm)
_9214348
710 2 _aTrinity College (Dublin, Ireland)
_9214349
942 _2ddc
_cBK
999 _c72473
_d72473